000
00267nam a22001217a 4500
008
170126b xxu||||| |||| 00| 0 eng d
041
_a
eng
080
_2
16TH
_a
61
100
_a
3
101
_a
SHM
245
_a
HARRISON'S MANUAL OF MEDICINE
_c
KASPER
942
_2
udc
_c
BK
999
_c
3818
_d
3818